[Event "22nd Alekhine FIDE 2018"]
[Site "Voronezh"]
[Date "2018.06.17"]
[Round "6"]
[White "Bruyatskaya, Mariya"]
[Black "Kuzmin, Roman"]
[Result "0-1"]
[WhiteElo "2026"]
[BlackElo "1963"]
[Annotator "NA"]
[PlyCount "98"]
[EventDate "2018.??.??"]
[EventType "swiss"]
[EventCountry "RUS"]
[SourceTitle "playchess.com"]
[Source "ChessBase"]
[SourceQuality "1"]
[TimeControl "5400+30"]

{[%evp 8,94,34,21,39,37,32767,32767,32767,18,15,22,32767,32767,27,0,11,0,0,-42,-29,-35,32767,32767,32767,32767,-49,-56,-43,32767,32767,-31,-41,32767,-121,-170,-105,32767,32767,-255,-237,-223,32767,32767,32767,32767,32767,-252,-274,-278,32767,32767,-189,-300,-257,-234,32767,32767,32767,32767,32767,32767,-236,32767,32767,32767,32767,-504,-529,-484,32767,32767,-591,32767,32767,32767,32767,-924,-858,32767,32767,32767,32767,32767,32767,-1006,-1114,32767,-956]} 1. e4 c5 2. Nf3 e6 3. d4 cxd4 4. Nxd4 a6 5. Nc3 Qc7 6. a3 b5 7. g3 Bb7 8. Bg2 d6 9. O-O Nf6 10. Bg5 {B43: Sizilianisch (Paulsen-Variante)} (10. f4 Nbd7 11. g4 e5 12. Nf5 g6 13. Ne3 exf4 14. Rxf4 Bg7 15. g5 Nh5 16. Ned5 Qc5+ 17. Be3 Qxe3+ 18. Nxe3 Nxf4 19. Qxd6 {1-0 (26) Chigaev,M (2555)-Warakomski,T (2537) Katowice 2017}) 10... Nbd7 {LiveBook: 3 Games} 11. Qe2 Be7 12. Rad1 O-O 13. h4 $146 ({Vorgänger:} 13. f4 Rfe8 14. Kh1 Rac8 15. g4 Nb6 16. f5 Bd8 17. fxe6 fxe6 {0-1 (34) Tvarusko,L (1771)-Fancsy,I (2396) Fejer Region 2016}) 13... h6 14. Bc1 $1 Ne5 15. Bh3 Nc4 16. a4 b4 17. Na2 d5 18. b3 Nb6 19. e5 Ne4 20. Qh5 {[#]} Bc5 $1 21. Be3 (21. Bf4 $17) 21... Rae8 (21... Nd7 $19 22. Bf4 Qb6) 22. Qg4 Qxe5 23. Nf3 (23. Nc1 {was worth a try.}) 23... Qc7 24. Bf4 Qe7 25. Ne5 Nf6 26. Qe2 Nbd7 27. Nd3 (27. Bg2 $142) 27... e5 28. Bd2 a5 29. Nxc5 Qxc5 30. c3 (30. Qb5 {is a better defense.} Qxb5 31. axb5) 30... bxc3 31. Nxc3 d4 32. Nb5 Qc6 33. f3 e4 34. Nxd4 Qb6 35. Qf2 exf3 36. Nb5 Nc5 37. Rfe1 $2 (37. Be3 {is more resistant.} Nfe4 38. Bxc5) 37... Nfe4 38. Rxe4 Rxe4 39. Be3 Qg6 40. Bxc5 Re2 41. h5 Qxh5 42. Bf1 Rxf2 43. Bxf2 f5 44. Rd7 Bc6 45. Rc7 Rf6 46. Nd4 Be4 47. Bc4+ Kh8 $19 48. Rd7 Qh3 49. Bf1 Qg4 0-1

[Event "22nd Alekhine FIDE 2018"]
[Site "Voronezh"]
[Date "2018.06.17"]
[Round "6"]
[White "Lepaev, Andrey"]
[Black "Garafutdinov, Ainur"]
[Result "1-0"]
[WhiteElo "1992"]
[BlackElo "2122"]
[Annotator "NA"]
[PlyCount "28"]
[EventDate "2018.??.??"]
[EventType "swiss"]
[EventCountry "RUS"]
[SourceTitle "playchess.com"]
[Source "ChessBase"]
[SourceQuality "1"]
[TimeControl "5400+30"]

{[%evp 8,28,35,32767,32767,32767,32767,32767,40,45,32767,32767,32767,32767,32767,32767,32767,11,49,33,36,54,31]} 1. d4 {[%emt 0:00:00]} f5 {[%emt 0:02:27]} 2. Nf3 {[%emt 0:00:00]} Nf6 {[%emt 0:00:04]} 3. g3 {[%emt 0:00:00]} g6 {[%emt 0:00:03]} 4. Bg2 {[%emt 0:00:00]} Bg7 {[%emt 0:00:04]} 5. O-O {[%emt 0:00:00]} O-O {[%emt 0:00:04]} 6. b3 {[%emt 0:00:00]} d6 {[%emt 0:00:06]} 7. Bb2 {[%emt 0:00:00]} c6 {[%emt 0:00:10] LiveBook: 503 Games} 8. c4 {[%emt 0:02:36]} Qc7 {[%emt 0:00:24]} 9. Nc3 {[%emt 0:06:37]} e5 {[%emt 0:02:30]} 10. dxe5 {[%emt 0:04:30]} dxe5 {[%emt 0:00:01]} 11. e4 {[%emt 0:00:05]} f4 {[%emt 0:04:43]} 12. gxf4 {[%emt 0:26:19]} exf4 {[%emt 0:00:03]} 13. e5 {[%emt 0:00:04]} Ng4 {[%emt 0:26:00]} 14. Re1 Nd7 $14 1-0

[Event "22nd Alekhine FIDE 2018"]
[Site "Voronezh"]
[Date "2018.06.17"]
[Round "6"]
[White "Kazmin, Semen"]
[Black "Martyntsev, Roman"]
[Result "1-0"]
[WhiteElo "1970"]
[BlackElo "2035"]
[Annotator "NA"]
[PlyCount "77"]
[EventDate "2018.??.??"]
[EventType "swiss"]
[EventCountry "RUS"]
[SourceTitle "playchess.com"]
[Source "ChessBase"]
[SourceQuality "1"]
[TimeControl "5400+30"]

{[%evp 8,77,22,6,33,18,11,23,15,19,39,4,18,16,32767,32767,32767,32767,32767,11,17,27,32767,19,69,84,85,77,32767,94,139,100,287,134,128,32767,79,32767,78,32767,51,46,32767,62,55,47,32767,32767,32767,32,32767,32767,32767,32767,32767,32767,32767,79,32767,84,32767,32767,32767,32767,115,32767,123,32767,32767,154,806,951]} 1. e4 c5 2. Nf3 Nc6 3. d4 cxd4 4. Nxd4 Nf6 5. Nc3 e5 {LiveBook: 15214 Games} 6. Ndb5 d6 7. Nd5 Nxd5 8. exd5 Ne7 9. c3 Nf5 10. a4 Be7 11. Bd3 O-O 12. O-O g6 13. Kh1 Ng7 14. f4 a6 15. Na3 f5 (15... Bf5 $11) 16. Nc4 exf4 17. Bxf4 g5 18. Be3 f4 19. Bb6 Qd7 (19... Qe8 $16 20. Bc7 Qd7) 20. Bd4 ({Better is} 20. Qc2 $18) 20... Qg4 21. Qe1 Rf7 22. Nb6 Rb8 23. Bxg7 Kxg7 24. Be2 Qh4 25. Qxh4 gxh4 26. Bh5 Rf8 27. Rae1 Bg5 28. Nxc8 Rbxc8 29. Re6 Rcd8 30. h3 Rf5 31. c4 Rff8 32. b3 Rd7 33. Kg1 Rf6 34. Rd1 Rf8 35. Rd4 Rf6 36. Kf2 Rxe6 37. dxe6 Rd8 38. Rd5 h6 $2 {[#]} (38... Bf6 $16 39. Rf5 Rf8) 39. Rxg5+ $18 1-0

[Event "22nd Alekhine FIDE 2018"]
[Site "Voronezh"]
[Date "2018.06.17"]
[Round "6"]
[White "Kulpin, Dmitriy"]
[Black "Kutyanina, Mariya"]
[Result "1-0"]
[WhiteElo "1954"]
[BlackElo "2021"]
[Annotator "NA"]
[PlyCount "47"]
[EventDate "2018.??.??"]
[EventType "swiss"]
[EventCountry "RUS"]
[SourceTitle "playchess.com"]
[Source "ChessBase"]
[SourceQuality "1"]
[TimeControl "5400+30"]

{[%evp 8,46,22,9,0,21,12,13,17,0,8,2,32767,32767,32767,32767,32767,0,32767,11,32767,0,24,34,32767,-43,-36,-54,-60,32767,-56,32767,147,32767,32767,32767,32767,32767,32767,32767,331]} 1. d4 {[%emt 0:00:00]} Nf6 {[%emt 0:00:11]} 2. Nf3 {[%emt 0:00:00]} e6 {[%emt 0:00:12]} 3. g3 {[%emt 0:00:00]} d5 {[%emt 0:00:41]} 4. c4 {[%emt 0:00:00]} Be7 {[%emt 0:00:07]} 5. Bg2 {[%emt 0:00:00]} O-O {[%emt 0:00:10]} 6. O-O {[%emt 0:00:00]} b6 {[%emt 0:00:13]} 7. Nc3 {[%emt 0:00:34]} Bb7 {[%emt 0:00:09] LiveBook: 651 Partien} 8. Ne5 {[%emt 0:00:15]} Nbd7 {[%emt 0:01:05]} 9. cxd5 {[%emt 0:00:39]} Nxd5 {[%emt 0:05:21]} 10. Nxd5 {[%emt 0:00:14]} exd5 {[%emt 0:00:11]} 11. Bf4 {[%emt 0:02:05]} Nxe5 {[%emt 0:03:32] E18: Damenindisch (Hauptfortsetzung)} 12. Bxe5 {[%emt 0:00:13]} Re8 {[%emt 0:00:53]} (12... Qd7 13. Rc1 c5 14. dxc5 bxc5 15. b4 Qe6 16. Ba1 c4 17. b5 Rfd8 18. Bd4 Bf6 19. e3 Bxd4 20. Qxd4 {½-½ (29) Williams,C (2492)-Siigur,J (2469) ICCF email 2012}) 13. Rc1 {[%emt 0:06:34]} c5 $146 {[%emt 0:01:03]} ({Vorgänger:} 13... Bd6 14. Bxd6 Qxd6 15. Qc2 Re7 16. Rfe1 Rae8 17. Qa4 Rxe2 18. Qxe8+ {1-0 (18) Katafiasz,T (1876)-Grzesik,N (1924) Wroclaw 2013}) 14. Re1 {[%emt 0:02:23]} Bg5 {[%emt 0:13:11]} 15. e3 {[%emt 0:07:33]} c4 {[%emt 0:03:22] [#]} 16. f4 $2 {[%emt 0:09:50]} ({Better is} 16. Rxc4 $1 $16 {[%mdl 512]} dxc4 17. Bxb7) 16... Be7 {[%emt 0:02:19]} 17. f5 {[%emt 0:01:42]} Bb4 {[%emt 0:01:11]} 18. Rf1 {[%emt 0:00:09]} f6 {[%emt 0:01:04]} 19. Bf4 {[%emt 0:02:06]} Ba6 $2 {[%emt 0:03:21]} (19... Bd6 $15 {behält die Oberhand.}) 20. Rf2 {[%emt 0:02:04]} Qd7 {[%emt 0:02:41]} 21. g4 {[%emt 0:00:19]} Bd6 {[%emt 0:00:11]} 22. Bxd5+ {[%emt 0:03:49]} Kh8 {[%emt 0:02:03]} 23. Bxa8 {[%emt 0:01:18]} Bxf4 $18 24. Rxf4 1-0

[Event "22nd Alekhine FIDE 2018"]
[Site "Voronezh"]
[Date "2018.06.17"]
[Round "6"]
[White "Nakonechny, Ignat"]
[Black "Markevich, Arseniy"]
[Result "1-0"]
[WhiteElo "1890"]
[BlackElo "2076"]
[Annotator "NA RC"]
[PlyCount "49"]
[EventDate "2018.??.??"]
[EventType "swiss"]
[EventCountry "RUS"]
[SourceTitle "playchess.com"]
[Source "ChessBase"]
[SourceQuality "1"]
[TimeControl "5400+30"]

{[%evp 8,49,42,30,31,62,68,37,32767,32767,32767,32767,91,96,141,119,95,59,91,75,90,66,32767,88,89,60,74,43,32767,32767,32767,32767,32767,32767,556,650,1363,758,2079,32767,32767,560,29995,29996]} 1. e4 e6 2. d4 d5 3. Nc3 Nf6 4. e5 Ng8 5. f4 b6 {C11: French: Classical System: 4 e5 and 4 Bg5 dxe4} (5... c5 6. Nf3 Nc6 7. Be3 Nh6 8. dxc5 Nf5 9. Bf2 Qa5 10. Qd2 Bxc5 11. Bxc5 Qxc5 12. Bd3 Ne3 13. Nd1 {½-½ (57) Havlikova,K (2257)-Ider,B (2510) Heraklion 2018}) 6. Nf3 Bb7 $146 ({Predecessor:} 6... Qd7 7. g3 Ne7 8. h4 h5 9. Bh3 Nbc6 10. g4 hxg4 11. Bxg4 Ng8 12. Ng5 Nh6 13. Be3 {1-0 (58) Armbrust,F (2295)-Engel,B (2227) Hofheim 2015}) 7. Be3 Qd7 8. Bd3 Nc6 9. O-O O-O-O 10. a3 h5 11. b4 Nh6 12. Kh1 Ne7 13. Ne2 Nef5 14. Bg1 h4 15. h3 f6 16. Qd2 Qf7 17. a4 Be7 18. a5 Qh5 19. axb6 axb6 20. Ra7 c6 21. Qc3 Rd7 22. Rfa1 Bd8 23. Ba6 Ne7 24. Ra8+ Kc7 25. Bxb7 1-0

[Event "22nd Alekhine FIDE 2018"]
[Site "Voronezh"]
[Date "2018.06.18"]
[Round "7"]
[White "Manukovsky, Vladimir"]
[Black "Selensky, Andrey"]
[Result "0-1"]
[WhiteElo "2146"]
[BlackElo "2040"]
[Annotator "TA"]
[PlyCount "56"]
[EventDate "2018.??.??"]
[EventType "swiss"]
[EventCountry "RUS"]
[SourceTitle "playchess.com"]
[Source "ChessBase"]
[SourceQuality "1"]

{[%evp 14,56,38,16,68,35,25,2,64,55,69,52,62,54,79,83,82,47,50,-720,-722,-722,-730,-731,-731,-740,-739,-728,-712,-846,-763,-808,-808,-808,-808,-807,-801,-788,-799,-792,-768,-766,-756,-756,-752]} 1. e4 c5 2. Nc3 Nc6 3. f4 e6 4. Nf3 Nge7 5. d4 cxd4 6. Nxd4 Nxd4 7. Qxd4 Nc6 8. Qf2 (8. Qc4 {is interesting.} a6 9. Be3 Be7 10. Qe2 O-O 11. Qf2) 8... b6 {B23: Closed Sicilian: Lines without g3} (8... d5 $11) (8... d5 9. Bd3 Be7 10. O-O O-O 11. a3 a6 12. Kh1 d4 13. Ne2 b5 14. b4 Ra7 15. Bb2 Rd7 16. e5 Bb7 17. Qg3 {½-½ (38) Vocaturo,D (2542)-Iturrizaga Bonelli,E (2625) San Cristobal 2012}) 9. Be3 Bb4 10. Qd2 Qf6 $146 ({Black should play} 10... Bb7 $11) ({Predecessor:} 10... O-O 11. a3 Bxc3 12. Qxc3 Bb7 13. O-O-O Rc8 14. Qd2 Rc7 15. Bd3 Ne7 16. e5 {1-0 (42) Voon,R (1830)-Cheung,B (1645) Cammeray 2010}) 11. e5 $14 Qe7 12. a3 Bxc3 $1 13. Qxc3 Bb7 14. O-O-O Rc8 15. Qd2 Na5 {[#] ...Nb3+ is the strong threat.} 16. Bb5 $2 {[%mdl 8192]} (16. Qb4 $14) 16... Nb3+ $1 $19 {Black is clearly winning.} 17. Kb1 Nxd2+ 18. Rxd2 Bc6 19. Ba6 Rc7 20. Rhd1 O-O 21. c4 f6 22. Bd4 d5 23. exd6 Qxd6 24. Be5 {[#]} Qxd2 $1 25. Rxd2 fxe5 26. fxe5 Rf5 27. Re2 Kf7 28. Kc2 Bb7 {Precision: White = 24%, Black = 46%.} 0-1

[Event "22nd Alekhine FIDE 2018"]
[Site "Voronezh"]
[Date "2018.06.18"]
[Round "7"]
[White "Garafutdinov, Ainur"]
[Black "Grekhov, Luka"]
[Result "1-0"]
[WhiteElo "2122"]
[BlackElo "1955"]
[Annotator "TA"]
[PlyCount "63"]
[EventDate "2018.??.??"]
[EventType "swiss"]
[EventCountry "RUS"]
[SourceTitle "playchess.com"]
[Source "ChessBase"]
[SourceQuality "1"]

{[%evp 13,63,-18,0,-57,-44,-48,-22,-8,-17,-80,13,-10,-8,-18,-7,-28,-17,-22,-24,-20,0,0,0,0,2,0,0,0,31,32,29,23,169,0,0,0,0,0,0,0,0,0,0,29,22,0,0,0,0,0,0,0]} 1. e4 c5 2. d3 Nc6 3. g3 g6 4. Bg2 Bg7 5. c3 e6 (5... d6 6. Be3 Nf6 7. h3 O-O 8. Ne2 e5 9. O-O Re8 10. f4 exf4 11. gxf4 Nh5 12. Nd2 f5 13. Nf3 h6 {½-½ (37) Amin,B (2654)-Gopal,G (2540) Al Ain 2013}) 6. Be3 {B20: Sizilianisch} b6 7. Ne2 Nge7 {LiveBook: 5 Partien} 8. Qd2 (8. d4 $11) 8... O-O 9. Bh6 d5 (9... Bxh6 {feels hotter.} 10. Qxh6 Ba6 11. c4 f5 12. Nd2 fxe4 13. Nxe4 Nf5) 10. Bxg7 $146 ({Vorgänger:} 10. h4 dxe4 11. Bxg7 Kxg7 12. dxe4 Ne5 13. Nf4 {½-½ (36) Snyta,Z (2067)-Chwistek,K (1958) Ostrava 2016}) 10... Kxg7 11. d4 (11. exd5 $11 exd5 12. O-O) 11... cxd4 (11... Ba6 $17 12. dxc5 Ne5 13. exd5 Nd3+ 14. Kf1 Nxd5) 12. Nxd4 dxe4 13. Bxe4 Bb7 14. f4 Rb8 15. Nxc6 Bxc6 16. Bxc6 Qxd2+ 17. Nxd2 {[#] Droht Lf3 und aus.} Nxc6 18. O-O-O Rbd8 19. Ne4 Rxd1+ 20. Rxd1 Rd8 21. Rxd8 Nxd8 $14 {[%mdl 4096] Endspiel KS-KS} 22. b4 b5 (22... Nc6 $11) 23. a4 $2 {[#]} (23. Nd6 $18) 23... bxa4 $11 24. Kb2 f5 $1 {[%cal Rf5e4]} 25. Ng5 h6 26. Nf3 Kf6 27. Ka3 g5 28. Kxa4 {Schwarz muss nun Kb5 beachten.} Nf7 $1 29. c4 {Die Stellung ist ausgeglichen.} e5 $1 30. fxe5+ Nxe5 31. Nxe5 Kxe5 32. Kb3 $1 {[%mdl 32768] Precision: Weiß = 46%, Schwarz = 50%. . Sensor Board Error (Ke4/e5)?} 1-0

[Event "22nd Alekhine FIDE 2018"]
[Site "Voronezh"]
[Date "2018.06.18"]
[Round "7"]
[White "Lebedev, Mikhail S"]
[Black "Lepaev, Andrey"]
[Result "1/2-1/2"]
[WhiteElo "2103"]
[BlackElo "1992"]
[Annotator "TA"]
[PlyCount "79"]
[EventDate "2018.??.??"]
[EventType "swiss"]
[EventCountry "RUS"]
[SourceTitle "playchess.com"]
[Source "ChessBase"]
[SourceQuality "1"]

{[%evp 19,79,80,74,71,105,74,58,66,70,33,111,87,100,107,106,95,104,70,70,73,73,73,73,77,91,71,80,35,53,0,0,-44,-25,-34,-24,-67,-34,-83,0,0,39,33,24,21,27,26,79,11,9,-1,-1,-80,-80,-83,-75,-68,-82,-72,16,29,25,25]} 1. e4 d6 2. d4 Nf6 3. Nc3 g6 4. f3 c6 5. Be3 Nbd7 6. Qd2 b5 7. d5 b4 {B07: Pirc Defence: Miscellaneous Systems} 8. dxc6 bxc3 9. cxd7+ Bxd7 10. Qxc3 Bg7 {LiveBook: 3 Games} 11. Qd2 Qc7 12. c3 O-O 13. Ne2 Rab8 14. Rc1 Qa5 (14... d5 $14) 15. b3 $1 $16 Rfc8 16. c4 Qa3 17. Nc3 a5 18. Be2 a4 19. Nb1 Qb4 20. Qxb4 Rxb4 21. Bd2 $1 {[%cal Rd2b4]} Rbb8 22. b4 Be6 23. Kf2 Nd7 24. Rc2 ({Better is} 24. a3 $1 $14) 24... Bd4+ $11 25. Kg3 f5 26. a3 fxe4 27. f4 Bf5 28. Bc3 {[#]} e5 (28... Be3 $1 $17) 29. fxe5 Bxe5+ 30. Bxe5 Nxe5 ({Much weaker is} 30... dxe5 31. Nc3 $16) 31. Rc3 Rc7 32. Rd1 Rbc8 (32... Nd3 $11) 33. Rd4 {[#]} (33. Rxd6 $16 {Nd2 is the strong threat.} Nxc4 34. Rd4) 33... e3 $1 {[%mdl 512]} 34. Rd1 (34. Rxe3 Bxb1) 34... Nxc4 {White must now prevent ...d5!} 35. Bxc4+ (35. Rdc1 $1 $11 d5 36. Bxc4 dxc4 37. Rxe3) 35... Rxc4 $17 36. Rxe3 Rg4+ 37. Kf2 Rc2+ 38. Rd2 {[#]} Rc1 ({Black should try} 38... Rgc4 $1 $17 {aiming for ...Rc1.} 39. g4 Bxg4 40. Rxc2 Rxc2+ 41. Kg3 Bd7) 39. Nc3 $11 Rf4+ 40. Kg3 {Precision: White = 51%, Black = 43%.} 1/2-1/2

[Event "22nd Alekhine FIDE 2018"]
[Site "Voronezh"]
[Date "2018.06.18"]
[Round "7"]
[White "Abramov, Ilya"]
[Black "Kolyuzhnov, Vladislav"]
[Result "1-0"]
[WhiteElo "2089"]
[BlackElo "1986"]
[Annotator "NA RC"]
[PlyCount "70"]
[EventDate "2018.??.??"]
[EventType "swiss"]
[EventCountry "RUS"]
[SourceTitle "playchess.com"]
[Source "ChessBase"]
[SourceQuality "1"]
[TimeControl "5400+30"]

{[%evp 8,43,52,32767,32767,32767,32767,20,77,58,85,70,63,71,75,56,92,16,16,25,66,37,41,41,41,39,60,34,75,76,82,64,81,31,46,48,48,54]} 1. d4 {[%emt 0:00:00]} Nf6 {[%emt 0:00:06]} 2. c4 {[%emt 0:00:00]} e6 {[%emt 0:00:15]} 3. g3 {[%emt 0:00:00]} c5 {[%emt 0:02:45]} 4. Nf3 {[%emt 0:00:00]} b6 {[%emt 0:04:39]} 5. Bg2 {[%emt 0:00:38]} Bb7 {[%emt 0:00:21]} 6. O-O {[%emt 0:00:18]} Be7 {[%emt 0:01:00]} 7. Nc3 {[%emt 0:02:16]} (7. d5 $5) 7... O-O {[%emt 0:00:22] [#]} (7... cxd4 $11 {remains equal.} 8. Qxd4 (8. Nxd4 Bxg2 9. Kxg2 Qc8 $11) 8... Nc6) 8. d5 $1 {[%emt 0:02:06]} exd5 {[%emt 0:03:48]} 9. cxd5 {[%emt 0:00:19]} d6 {[%emt 0:00:24]} 10. e4 {[%emt 0:00:01] LiveBook: 4 Games} Nbd7 {[%emt 0:03:11] E18: Queen's Indian: Old Main Line (4 g3 Bb7 5 Bg2 Be7 6 0-0 0-0 7 Nc3)} (10... Re8 11. e5 dxe5 12. Nxe5 Bf8 13. Bf4 Na6 14. Qa4 Nb4 15. Rad1 Nh5 16. a3 Nxf4 17. gxf4 a5 18. d6 Bxg2 19. Kxg2 Qh4 20. d7 Rxe5 21. fxe5 Qg4+ {½-½ (21) Wells,P (2448)-Rudd,J (2247) Cardiff 2015}) 11. Bf4 {[%emt 0:03:48]} a6 {[%emt 0:04:35]} 12. h3 $146 {[%emt 0:02:19]} ({Predecessor:} 12. e5 dxe5 13. Nxe5 Nxe5 14. d6 Bxd6 15. Bxb7 Ra7 16. Bxe5 Bxe5 17. Qxd8 Rxd8 {½-½ (61) Vargas Drechsler,C (1848)-Velez Romero,J (1975) Barcelona 2013}) 12... b5 {[%emt 0:06:45]} 13. Re1 {[%emt 0:00:05]} b4 {[%emt 0:06:02]} 14. Nb1 {[%emt 0:00:02]} Re8 {[%emt 0:01:29]} 15. Nbd2 {[%emt 0:00:35]} Nb6 {[%emt 0:03:21]} 16. g4 {[%emt 0:03:01]} Rc8 {[%emt 0:02:27]} 17. Bf1 {[%emt 0:02:28]} Bf8 {[%emt 0:03:25]} 18. a3 {[%emt 0:02:24]} a5 {[%emt 0:02:01]} 19. axb4 {[%emt 0:04:28]} axb4 {[%emt 0:00:04]} 20. Ra7 {[%emt 0:00:53]} (20. Bb5 $5 {[%cal Rb5e8]}) 20... Re7 {[%emt 0:01:59]} 21. Bg5 {[%emt 0:00:14]} Rec7 {[%emt 0:00:46]} 22. Qa1 $14 {[%emt 0:03:44]} h6 {[%emt 0:07:44]} 23. Bh4 {[%emt 0:02:41]} g5 {[%emt 0:03:47]} 24. Bg3 {[%emt 0:00:01]} Re7 {[%emt 0:02:42]} 25. Qa5 {[%emt 0:04:48]} Bg7 {[%emt 0:07:34]} 26. Bb5 {[%emt 0:02:07]} Ra8 {[%emt 0:04:19]} 27. Rxa8 {[%emt 0:02:01]} Bxa8 {[%emt 0:00:12]} 28. Nc4 {[%emt 0:02:59]} Nfxd5 {[%emt 0:07:52]} 29. exd5 {[%emt 0:00:09]} Bxd5 {[%emt 0:02:08]} 30. Qxb6 {[%emt 0:02:50]} Rxe1+ {[%emt 0:02:57]} 31. Nxe1 {[%emt 0:00:50]} Qe7 {[%emt 0:00:09]} 32. Ng2 {[%emt 0:01:56]} Qe4 {[%emt 0:01:01]} 33. Nce3 {[%emt 0:00:02]} Bb7 {[%emt 0:02:04]} 34. Qd8+ {[%emt 0:05:23]} Kh7 {[%emt 0:00:08]} 35. Bd7 {[%emt 0:03:30]} Bf8 1-0

[Event "22nd Alekhine FIDE 2018"]
[Site "Voronezh"]
[Date "2018.06.18"]
[Round "7"]
[White "Lilov, Aleksandr"]
[Black "Kitaev, Roman"]
[Result "1-0"]
[WhiteElo "2046"]
[BlackElo "2031"]
[Annotator "NA RC"]
[PlyCount "54"]
[EventDate "2018.??.??"]
[EventType "swiss"]
[EventCountry "RUS"]
[SourceTitle "playchess.com"]
[Source "ChessBase"]
[SourceQuality "1"]
[TimeControl "5400+30"]

{[%evp 8,34,45,12,41,33,36,19,55,32,26,25,79,30,22,22,36,15,38,18,11,20,25,9,0,-21,-14,-40,-29]} 1. d4 {[%emt 0:00:00]} Nf6 {[%emt 0:00:09]} 2. Nf3 {[%emt 0:00:00]} g6 {[%emt 0:00:05]} 3. c4 {[%emt 0:00:21]} Bg7 {[%emt 0:00:16]} 4. Nc3 {[%emt 0:00:17]} d5 {[%emt 0:00:05]} 5. Bf4 {[%emt 0:02:32]} c6 {[%emt 0:00:17]} 6. e3 {[%emt 0:01:10]} O-O {[%emt 0:00:08]} 7. Bd3 {[%emt 0:01:32] LiveBook: 55 Games} b6 {[%emt 0:00:46] D93: Grünfeldindisch (5.Lf4)} (7... Bg4 8. h3 Bxf3 9. Qxf3 e6 10. O-O Nbd7 11. Rac1 Re8 12. Rfd1 a6 13. e4 dxe4 14. Nxe4 Nxe4 15. Bxe4 Qe7 16. Be3 Rad8 17. Bb1 Nb6 18. b3 Nc8 19. g4 {0-1 (60) Brown,M (2506)-Gabuzyan,H (2571) chess.com INT 2018}) 8. h3 {[%emt 0:05:59]} Bb7 {[%emt 0:00:11]} 9. O-O {[%emt 0:00:45]} Nbd7 {[%emt 0:00:10]} (9... c5 $11 {bleibt in der Remisbreite.}) 10. Qe2 $146 {[%emt 0:07:45]} ({Vorgänger:} 10. b4 dxc4 11. Bxc4 Nd5 12. Nxd5 cxd5 13. Bd3 Rc8 14. Qa4 a6 15. Rac1 b5 16. Rxc8 Qxc8 {1-0 (30) Pokorny,P (2218)-Kalista,K (2008) Rakovnik 2009}) 10... c5 {[%emt 0:01:29]} 11. Rfd1 {[%emt 0:01:54]} Rc8 {[%emt 0:02:26]} 12. Ne5 {[%emt 0:02:37]} cxd4 {[%emt 0:03:28]} 13. exd4 {[%emt 0:00:58]} e6 {[%emt 0:11:52]} 14. Nb5 {[%emt 0:09:56]} Nh5 {[%emt 0:08:16]} 15. Bh2 {[%emt 0:01:14]} dxc4 {[%emt 0:00:57]} 16. Be4 {[%emt 0:05:25]} Bxe4 {[%emt 0:05:19]} 17. Qxe4 $15 {[%emt 0:01:46]} Nhf6 {[%emt 0:00:10]} 18. Qb7 {[%emt 0:00:51]} Nxe5 {[%emt 0:01:35]} 19. Bxe5 {[%emt 0:06:53]} Qd5 {[%emt 0:07:56]} 20. Qxd5 {[%emt 0:00:25]} Nxd5 {[%emt 0:00:21]} 21. Nxa7 {[%emt 0:01:40]} Bxe5 {[%emt 0:01:36]} 22. dxe5 {[%emt 0:01:52]} Rc5 {[%emt 0:00:16]} 23. a4 {[%emt 0:02:05]} Ra8 {[%emt 0:03:33]} 24. Nb5 {[%emt 0:01:04]} Nb4 {[%emt 0:00:07]} 25. Nd6 {[%emt 0:00:50]} Nc6 {[%emt 0:01:03]} 26. f4 {[%emt 0:07:26]} Nb4 {[%emt 0:08:20]} 27. Ne4 Rc7 1-0

[Event "22nd Alekhine FIDE 2018"]
[Site "Voronezh"]
[Date "2018.06.18"]
[Round "7"]
[White "Martyntsev, Roman"]
[Black "Peschansky, Mikhail"]
[Result "1/2-1/2"]
[WhiteElo "2035"]
[BlackElo "2137"]
[Annotator "TA"]
[PlyCount "81"]
[EventDate "2018.??.??"]
[EventType "swiss"]
[EventCountry "RUS"]
[SourceTitle "playchess.com"]
[Source "ChessBase"]
[SourceQuality "1"]

{[%evp 9,81,46,46,46,46,37,47,42,43,39,65,36,83,15,18,1,56,35,38,41,162,152,189,189,178,188,192,129,142,120,144,142,206,0,265,147,153,154,151,104,134,143,183,131,172,180,322,342,317,197,553,552,554,487,645,656,734,545,768,560,963,964,975,982,935,686,786,761,853,854,1252,975,1440,1420]} 1. e4 c5 2. Nc3 Nc6 3. Bb5 Nf6 4. Nf3 e6 5. Bxc6 bxc6 6. e5 {B30: Sizilianisch (Rossolimo-Variante)} (6. d3 Qc7 7. O-O h5 8. e5 Ng4 9. Re1 f6 10. Bf4 g5 11. Bg3 h4 12. Nxh4 gxh4 13. Qxg4 {0-1 (38) Savchenko,B (2556)-Usmanov,V (2462) St Petersburg 2015}) 6... Nd5 7. O-O Ba6 8. Re1 {Weiß steht etwas besser.} Be7 9. Ne4 O-O 10. d3 f5 $146 ({Vorgänger:} 10... c4 11. dxc4 Bxc4 12. b3 Ba6 13. c4 {1-0 (46) Jovanovic,Z (2330)-Severijnen,A (2156) playchess.com INT 2005}) 11. exf6 (11. Nd6 $1 $16) 11... Nxf6 $11 12. b3 Nd5 (12... Nxe4 $11 13. Rxe4 Bc8) 13. c4 Nf6 14. Bb2 d6 ({Besser ist} 14... Nxe4 $14 15. Rxe4 Bc8) 15. Neg5 $36 {[%mdl 2048] Läuft bei Weiss.} e5 16. Ne6 $1 {[%csl LRd8,LRf8]} Qd7 17. Nxf8 Rxf8 18. Nd2 (18. a3 $18) 18... Qf5 19. Qe2 Nh5 {Weiss sollte ...Sf4 verhindern.} 20. g3 $1 {f4! ist eine echte Drohung.} Bc8 {[#]} (20... Qg6 $16) 21. Ne4 $2 ({Günstiger ist} 21. f4 $1 $18) 21... Qh3 $2 {[%mdl 8192] [#]} (21... Qg6 $1 $11) 22. f3 (22. f4 $1 $18) 22... Qf5 23. Rf1 Qg6 24. Kh1 Bh3 25. Rf2 Qh6 26. Bc1 (26. Re1 $18) 26... Qe6 27. Bg5 h6 (27... d5 {ist eine bessere Verteidigung.}) 28. Bxe7 Qxe7 29. Re1 Qf7 $2 (29... d5 {leistet mehr Widerstand.}) 30. Nxd6 {Weiß steht klar auf Gewinn.} Qg6 31. Ne4 Bd7 32. Nxc5 Bf5 33. Ne4 a5 34. Qe3 Qf7 35. Nd6 Qf6 36. Nxf5 Qxf5 37. Kg1 Qh3 38. Qxe5 Kh8 39. Qe6 Rf5 40. Rg2 Kh7 41. Re5 {[%mdl 32768] Precision: Weiß = 53%, Schwarz = 25%. . An unexpected result.} 1/2-1/2